Manual asas pemasangan komputer peribadi dan internet

Bibliographic Details
Main Author: Othman Shariff
Format: Book
Published: Kuala Lumpur : Venton Pub. , 2001
Subjects:

MARC

LEADER 00000cam a2200000 7i4500
001 0000003166
005 20050308.0
020 0 0 |a 9832031540 
090 0 0 |a 004.165   |b OTH 
100 0 0 |a Othman Shariff 
245 0 0 |a Manual asas pemasangan komputer peribadi dan internet   |c Othman Shariff 
260 0 0 |a Kuala Lumpur :   |b Venton Pub. ,   |c 2001 
300 |a ix, 204ms. :   |b il. ;   |c 25cm. 
650 0 0 |a Computers   |x Handbooks, manuals, etc. 
650 0 0 |a Internet 
650 0 0 |a Microcomputers 
999 |a 0000005526   |b Monograph   |c Open Shelf   |e Default branch